000
00252nam a2200097Ia 4500
001
726169
005
20250826163423.0
008
250824s9999 xx 000 0 und d
245
0
_a
TEK Mİ? ÇİFT Mİ?
_c
ANDREW CLEMENTS
260
_b
GÜNIŞIĞI KİTAPLIĞI
999
_c
726169
_d
726169